| 000 | 01162nam a2200241Ia 4500 | ||
|---|---|---|---|
| 003 | Ost | ||
| 005 | 20260507075456.0 | ||
| 008 | 260507s9999||||xx |||||||||||||| ||und|| | ||
| 020 | _a9775433754 | ||
| 040 | _cfsecg | ||
| 041 | _aara | ||
| 082 | _a658.401 | ||
| 100 |
_aماهر، احمد _eمؤلف |
||
| 245 | 0 |
_aالتخطيط التنفيذي في خدمة الاهداف الاستراتيجية / _c احمد ماهر |
|
| 260 |
_aالاسكندرية: _bالدار الجامعية, _c2006 |
||
| 300 |
_a188 صفحة؛ _c24 سم |
||
| 490 | _aسلسلة ابن مهارتك | ||
| 520 | _aيحتوي الكتاب على : ماهية التخطيط التنفيذي،التمهيد لإعداد التخطيط التنفيذي،خطوة بخطوة في إعداد الخطط التنفيذية،كيف تحدد الأنشطة التنفيذية و الموارد المطلوبة لها؟،أنواع الخطط التنفيذية،الرقابة على أداء الخطط التنفيذية.. | ||
| 653 | _aالإدارة الاستراتيجية | ||
| 653 | _aالتخطيط التنفيذي | ||
| 653 | _aالرقابة | ||
| 942 | _cكتاب | ||
| 999 |
_c44670 _d44670 |
||